000
00285nam a22001217a 4500
082
_a
226.5 BRO
100
_a
Brown, Raymon E.
245
_a
The Gospel According to Jhon
260
_a
London
_b
Geoffrey Chapman
_c
1971
300
_a
538
650
_a
Bible N T
_a
Gospel John
942
_c
BK
999
_c
20273
_d
20273